| 000 | 00536ntaaa2200205 4500 | ||
|---|---|---|---|
| 003 | 01 | ||
| 005 | 20251027202930.0 | ||
| 008 | 0714s1973 ag 01 | ||
| 020 | _a0311010695 | ||
| 040 |
_aAR-BaBN _bspa _cAR-BaBN _eaacr _dRIC |
||
| 082 | _a922.6000 St3i | ||
| 100 |
_aStewart, Mary J _920517 |
||
| 245 | _aEl intrépido Francisco | ||
| 250 | _a1 ed. | ||
| 260 |
_aEl Paso : _bCasa Bautista de Publicaciones, _c1979 |
||
| 300 | _a46 p | ||
| 650 |
_abiografĂa-misioneros _923418 |
||
| 650 |
_aPatterson, Francisco _929936 |
||
| 942 | _cBK | ||
| 999 |
_c24595 _d24595 |
||